[Event "COL-ch U1700"]
[Site "Pereira"]
[Date "2019.03.23"]
[Round "5"]
[White "Mosquera, Anibal"]
[Black "Nino Medina, Ivan Dario"]
[Result "1-0"]
[WhiteElo "1673"]
[BlackElo "1600"]
[PlyCount "41"]
[EventDate "2019.03.21"]
[EventType "swiss"]
[EventRounds "9"]
[EventCountry "COL"]
[SourceTitle "CBM 189 Extra"]
[Source "ChessBase"]
[SourceDate "2019.06.03"]
[SourceVersion "1"]
[SourceVersionDate "2019.06.03"]
[SourceQuality "1"]

1. e4 c5 2. Bc4 d6 3. Nc3 Nf6 4. d3 g6 5. Qe2 Nc6 6. a3 Nd4 7. Qd1 Bg7 8. Nge2 Ne6 9. f4 Rb8 10. 0-0 a6 11. Ng3 b5 12. Bb3 Nd4 13. Ba2 0-0 14. h3 Qc7 15. Nce2 e5 16. c3 Nxe2+ 17. Qxe2 a5 18. fxe5 dxe5 19. Bg5 Rb6 20. Rf2 h6 21. Bxf6 1-0